La Secretaría de las instituciones internacionales

Gorde:
Xehetasun bibliografikoak
Egile nagusia: Giraud, Emile (Egilea)
Formatua: Liburua
Hizkuntza:gaztelania
Argitaratua: Ciudad de Guatemala Organización de Estados Centroamericanos 1956
Gaiak:
Etiketak: Etiketa erantsi
Etiketarik gabe, Izan zaitez lehena erregistro honi etiketa jartzen!

MARC

LEADER 00000nam a2200000 a 4500
001 UCT9212
003 CL-VaPUC
008 970404e19560000gt |||||||||||||||||spa|d
082 0 4 |a 341.2  |b GIR  |2 21 
100 0 |a Giraud, Emile  |e author  |9 381713 
245 1 3 |a La Secretaría de las instituciones internacionales 
300 |a 156 p 
942 |c BK 
945 |d 19970404 00:00:00  |a cmena 
260 |a Ciudad de Guatemala  |b Organización de Estados Centroamericanos  |c 1956 
650 0 |a Derecho internacional  |9 255637 
650 0 |a Organizaciones internacionales  |9 329196 
650 0 |a Política internacional  |9 255813 
650 0 |a Relaciones Internacionales  |9 255740 
650 7 |a ESTADOS MIEMBROS  |2 CL-VaPUC  |9 377660 
650 7 |a ORGANIZACIONES REGIONALES  |2 CL-VaPUC  |9 338255 
583 |a last modification  |c 20171130 02:33:01  |k Rodrigo Vera 
999 |c 257631  |d 257629 
952 |0 0  |1 0  |4 0  |6 341_200000000000000_GIR_1956  |7 0  |8 A  |9 281188  |a BIBDER  |b BIBDER  |d 2019-11-19  |i 1827146  |o 341.2 GIR 1956  |p 1827146  |r 2023-01-25  |w 2019-11-19  |y BK  |k DER